LEADER 03364nam 2200649Ia 450 001 9910144558303321 005 20170816121410.0 010 $a1-282-34784-5 010 $a9786612347849 010 $a0-470-51438-8 010 $a0-470-51439-6 035 $a(CKB)1000000000377157 035 $a(EBL)470362 035 $a(OCoLC)609849201 035 $a(SSID)ssj0000291571 035 $a(PQKBManifestationID)11245823 035 $a(PQKBTitleCode)TC0000291571 035 $a(PQKBWorkID)10253854 035 $a(PQKB)11710108 035 $a(MiAaPQ)EBC470362 035 $a(EXLCZ)991000000000377157 100 $a19921013d1993 uy 0 101 0 $aeng 135 $aur|n|---||||| 181 $ctxt 182 $cc 183 $acr 200 00$aChronic fatigue syndrome$b[electronic resource] 210 $aChichester ;$aNew York $cWiley$d1993 215 $a1 online resource (370 p.) 225 1 $aCiba Foundation symposium ;$v173 300 $a"Symposium on Chronic Fatigue Syndrome, held at the Ciba Foundation, London, 12-14 May 1992, editors, Gregory R. Bock (organizer) and Julie Whelan"--P. [v]. 300 $a"A Wiley-Interscience publication." 311 $a0-471-93618-9 320 $aIncludes bibliographical references and indexes. 327 $aCHRONIC FATIGUE SYNDROME; Contents; Introduction; Chronic fatigue in historical perspective; Chronic fatigue and chronic fatigue syndrome: clinical epidemiology and aetiological classification; Clinical presentation of chronic fatigue syndrome; Society, mind and body in chronic fatigue syndrome: an anthropological view; Epidemiology of chronic fatigue syndrome: the Centers for Disease Control study; Muscle histopathology and physiology in chronic fatigue syndrome; Studies of herpesvirus infection in chronic fatigue syndrome; Enteroviruses and postviral fatigue syndrome 327 $aInvestigation of retroviral involvement in chronic fatigue syndromeImmunity and the pathophysiology of chronic fatigue syndrome; The relationship of chronic fatigue to psychiatric illness in community, primary care and tertiary care samples; The neuropsychiatry of chronic fatigue syndrome; Somatization, illness attribution and the sociocultural psychiatry of chronic fatigue syndrome; Fibromyalgia, sleep disorder and chronic fatigue syndrome; Pharmacological approaches to the therapy of chronic fatigue syndrome; Non- pharmacological approaches to treatment 327 $aChronic fatigue syndrome and the treatment processIn conclusion; Index of contributors; Subject index 330 $aDocuments the latest results and opinions on the causes and possible cures for this disorder. Coverage includes retroviral involvement, immunity, pathophysiology and pharmacological treatment of chronic fatigue syndrome. 410 0$aCiba Foundation symposium ;$v173. 606 $aChronic fatigue syndrome$vCongresses 606 $aFatigue$vCongresses 608 $aElectronic books. 615 0$aChronic fatigue syndrome 615 0$aFatigue 676 $a616 676 $a616.047 676 $a616.8 701 $aBock$b Gregory$0322650 701 $aWhelan$b Julie$0322651 801 0$bMiAaPQ 801 1$bMiAaPQ 801 2$bMiAaPQ 906 $aBOOK 912 $a9910144558303321 996 $aChronic fatigue syndrome$92132523 997 $aUNINA LEADER 01022nam a22002291i 4500 001 991000284199707536 008 040920s2003 it ita 035 $ab1320015x-39ule_inst 040 $aSet. Economia$bita$cA.t.i. Arché s.c.r.l. Pandora Sicilia s.r.l. 082 04$a657.72 100 1 $aFacchinetti, Imerio$0115391 245 10$aGestione e contabilità del magazzino :$bguida alla gestione delle scorte e alla tenuta della contabilità gestionale e fiscale di magazzino : casi pratici /$cImerio Facchinetti 250 $a2. ed 260 $aMilano :$bIl Sole-24 Ore,$c2003 300 $aXIV, 425 p. ;$c24 cm 650 4$aAziende$xContabilità di magazzino 907 $a.b1320015x$b27-02-19$c23-09-04 912 $a991000284199707536 945 $aLE025 ECO 657.7 FAC01.01$g1$i2025000181076$lle025$nCatalogato 2019$o-$pE0.00$q-$rl$s- $t0$u17$v13$w17$x0$y.i13854343$z23-09-04 996 $aGestione e contabilità del magazzino$9882535 997 $aUNISALENTO 998 $ale025$b23-09-04$cm$da $e-$fita$git $h0$i1